Access 97 : bible
Saved in:
| Main Author: | |
|---|---|
| Other Authors: | |
| Format: | Book |
| Language: | English |
| Published: |
Chicago :
IDG Books Worldwide,
1997
|
| Subjects: | |
| Tags: |
Add Tag
No Tags, Be the first to tag this record!
|
MARC
| LEADER | 00000cam a2200000 i 4500 | ||
|---|---|---|---|
| 001 | 1/58227 | ||
| 008 | 980522s1997 eng d | ||
| 020 | |a 0764530356 | ||
| 035 | |l 10028330 | ||
| 040 | |a GR-MY-UA |b gre |e aacr | ||
| 041 | 0 | |a eng | |
| 082 | 0 | |a 005.7565 | |
| 100 | 1 | |a Prague, Cary N. | |
| 245 | 1 | 0 | |a Access 97 : |b bible / |c Cary N. Prague, Michael R. Irwin |
| 260 | |a Chicago : |b IDG Books Worldwide, |c 1997 | ||
| 300 | |a xlvi, 1118 p.; |b ill.; |c 24 cm.+ |e 1 computer laser optical disc (4 3/4 in.) | ||
| 504 | |a Includes index | ||
| 630 | 0 | 0 | |a Microsoft Access. |
| 650 | 0 | 0 | |a Database management. |
| 700 | 1 | |a Irwin, Michael R. | |
| 852 | |a INST |b CHIOS |e 19980522 |h 005.7565 PRA |p 005200016456 |q 005200016456 |t BK |y 0 | ||
| 852 | |a INST |b CHIOS |e 19981102 |h 005.7565 PRA |p 005200014056 |q 005200014056 |t BK |y 0 | ||
| 852 | |a INST |b SAMOS |e 20000303 |h 005.7565 PRA |p 005300015736 |q 005300015736 |t BK |y 0 | ||
| 852 | |a INST |b SAMOS |e 20000303 |h 005.7565 PRA |p 005300018088 |q 005300018088 |t BK |y 0 | ||
| 901 | |a BIBL3-2000-1 | ||
| 901 | |a BIBL-1998-2 | ||
| 909 | |a Σ |b 071645 | ||
| 909 | |a Σ |b 071646 | ||
| 909 | |a Χ |b 055630 | ||
| 909 | |a X |b 054972 | ||
| 922 | |a 3ΕΛΗ |b 199912 |c ΤΠΕΣ |d Παπασωτηρίου | ||
| 922 | |a 2ΕΛΗ |b 199804 |c ΤΔΕ |d Παπασωτηρίου | ||